[Event "Brugse Meesters 2017"]
[Site "Brugge"]
[Date "2017.08.17"]
[Round "9"]
[White "Dardha, Daniel"]
[Black "Varga, Zoltan"]
[Result "0-1"]
[WhiteElo "2218"]
[BlackElo "2434"]
[Annotator "TA"]
[PlyCount "106"]
[EventDate "2017.??.??"]
[EventCountry "BEL"]
[SourceTitle "playchess.com"]
[Source "ChessBase"]
[SourceQuality "1"]

{[%evp 18,105,47,39,31,19,33,16,77,76,104,56,53,54,74,55,70,21,30,0,0,0,0,0,-4,-50,-35,-47,-25,-26,-21,-10,0,-36,-41,-23,-23,-33,-28,-29,-39,-58,-31,-125,-103,-122,-98,-101,0,-106,-107,-260,-249,-267,-201,-195,-92,-106,-112,-95,0,-6,0,0,0,0,-2,-8,-14,-67,-70,-1032,-1018,-965,-887,-1288,-986,-29989,-29989,-29990,-4710,-29991,-29992,-29992,-29992,-29992,-29990,-29997,-29998,-29999]} 1. e4 d6 2. d4 Nf6 3. Nc3 Nbd7 4. g3 e5 5. Nge2 c6 6. a4 Be7 7. Bg2 O-O 8. O-O Re8 9. h3 Bf8 10. Be3 {LiveBook: 7 Games} h6 $146 {B07: Pirc Defence: Miscellaneous Systems} ({Find the theoretical novelty and annotate with similar games:} 10... exd4 11. Bxd4 Ne5 12. f4 Ng6 13. Qd2 b6 14. Rad1 Bb7 15. g4 a6 16. g5 Nd7 17. Bf2 b5 18. h4 {1-0 (36) Stupak,K (2535)-Mirzoev,E (2433) Lvov 2016}) 11. Re1 exd4 12. Bxd4 Ne5 (12... b6 $11 {remains equal.}) 13. f4 $16 Ng6 14. Bf2 Bd7 15. Nd4 Qc7 16. Qd2 Rad8 17. Rad1 a6 18. Ra1 b5 19. axb5 axb5 20. b4 Qc8 21. Nb3 Bxh3 22. Bb6 Bxg2 23. Bxd8 Rxd8 24. Qxg2 h5 25. Nd1 d5 {[%cal Bd6d5,Bd5d4,Bd4d3][%mdl 32]} 26. e5 Ne4 {Threatens to win with ...h4.} 27. Nf2 $1 {[%cal Rf2e4]} Nxf2 28. Qxf2 Bxb4 29. Rf1 c5 (29... d4 $5) 30. Rad1 (30. Qf3 $15) 30... d4 31. Qe2 Qh3 {White must now prevent ...c4.} 32. Qg2 Qc8 33. Qe2 $1 Qf5 34. c3 $2 (34. Nd2 $17) 34... d3 $1 $19 {[%cal Rd3e2]} 35. Qb2 c4 36. cxb4 cxb3 (36... h4 $19 {is more deadly.} 37. Nc5 (37. Nd4 Qg4 $17) 37... hxg3) 37. Qxb3 $17 h4 38. Rf3 {[%cal Rf3d3] [#]} hxg3 (38... d2 $1 $17 {Hoping for ...hxg3.} 39. Qe3 Qc2) 39. Rfxd3 $11 Rf8 40. Rxg3 Nxf4 41. Qe3 Rc8 {And now ...Qh5 would win.} 42. e6 $132 {[%mdl 2048] White puts up resistance} fxe6 43. Rf1 (43. Re1 $11) 43... Rc4 $1 $15 44. Ra1 $2 {[%mdl 8192] [#]} (44. Re1 $15) 44... Re4 $1 $19 {[%cal Re4e3]} 45. Ra8+ Kh7 46. Rxg7+ Kxg7 47. Ra7+ Kf6 48. Qc3+ Qe5 (48... Re5 $142 49. Qxe5+ Qxe5 50. Ra2 Qe1+ 51. Kh2 Qc3 52. Kh1 Qe1+ 53. Kh2 Qc3 54. Kh1 Qb3 55. Rd2 Qxb4 56. Re2 Nxe2 57. Kg2 Qf4 58. Kh1 Qf3+ 59. Kh2 Qg4 60. Kh1 Qh3#) 49. Qf3 Re1+ {Black mates.} 50. Kf2 Re2+ 51. Kf1 Rc2 52. Ra5 Rc1+ 53. Kf2 Qe1# {Precision: White = 37%, Black = 64%.} 0-1

[Event "Brugse Meesters 2017"]
[Site "Brugge"]
[Date "2017.08.17"]
[Round "9"]
[White "Provoost, Simon"]
[Black "Ratsma, Rosa"]
[Result "1/2-1/2"]
[WhiteElo "2215"]
[BlackElo "2253"]
[Annotator "TA"]
[PlyCount "91"]
[EventDate "2017.??.??"]
[EventCountry "BEL"]
[SourceTitle "playchess.com"]
[Source "ChessBase"]
[SourceQuality "1"]

{[%evp 19,91,0,0,0,-6,-15,0,0,-8,-5,0,0,53,71,45,0,0,0,0,0,11,-17,-28,-31,-31,-23,0,-10,-9,-8,6,5,40,25,52,27,30,-25,-20,-19,7,-8,8,8,8,5,29,26,65,7,0,7,14,14,14,13,13,-159,-150,-146,-100,-110,-101,-147,-117,-110,-61,-72,-57,-57,-29,-33,-31,-55]} 1. d4 Nf6 2. Bg5 d5 3. Bxf6 gxf6 4. c4 dxc4 5. e3 c5 6. Bxc4 {D00: 1 d4 d5: Unusual lines} (6. Nc3 cxd4 7. Bxc4 Bg7 8. Qh5 e6 9. O-O-O f5 10. exd4 Qc7 11. Bb5+ Bd7 12. Bxd7+ Nxd7 {0-1 (57) Fier,A (2614)-Gajewski,G (2621) St Petersburg 2016}) 6... cxd4 7. exd4 Bg7 8. Nc3 O-O 9. Nge2 Nc6 10. O-O f5 {[%cal Rc6d4] LiveBook: 12 Games} 11. d5 Ne5 12. Bb3 Qd6 13. Nb5 $146 Qb6 14. Nbd4 Ng6 15. Qd3 Nf4 (15... f4 $11) 16. Nxf4 $14 Qxd4 17. Qxd4 Bxd4 18. Rae1 Bc5 19. Nd3 Bd6 20. Rd1 Kg7 21. Rfe1 Kf6 22. f4 Kg7 23. g3 b6 24. Ne5 Bc5+ 25. Kg2 Bb4 26. Re3 Bb7 27. Nc6 Bc5 28. Re5 ({Don't go for} 28. Nxe7 $2 Kf6 $19) (28. Re2 $142) 28... e6 $11 29. Kh3 Kf6 30. Ba4 Rfc8 31. b4 $1 {[%cal Rb4c5,Bb2b4,Bb4b5][%mdl 32]} Bd6 32. Re2 {Black must now prevent dxe6.} Bf8 33. b5 {Threatens to win with dxe6.} a6 34. Ne5 (34. dxe6 $14 axb5 35. e7 bxa4 36. exf8=Q Rxf8 37. Rb2) 34... Bxd5 35. Nd7+ Kg7 {[#]} 36. Rxd5 $1 {[%mdl 512]} exd5 37. Nxb6 {[#]} axb5 $1 {[%mdl 512]} 38. Bb3 $2 (38. Bxb5 $11 Rab8 39. Nxc8 Rxb5 40. a4) 38... Re8 $17 39. Rc2 Ra7 {...d4 is the strong threat.} 40. Nxd5 Re1 41. Rc6 Re6 42. Rc3 Rd7 43. Ne3 $1 Rh6+ (43... Rf6 $5 {[%cal Rd7d2]} 44. Nd5 Rh6+ 45. Kg2 b4 $17) 44. Kg2 Rd2+ 45. Kf3 Rf6 46. Bc2 {Precision: White = 54%, Black = 38%.} 1/2-1/2

[Event "Brugse Meesters 2017"]
[Site "Brugge"]
[Date "2017.08.17"]
[Round "9"]
[White "Gray, Mark S"]
[Black "Pel, Bonno"]
[Result "1/2-1/2"]
[WhiteElo "2103"]
[BlackElo "2255"]
[Annotator "TA"]
[PlyCount "128"]
[EventDate "2017.??.??"]
[EventCountry "BEL"]
[SourceTitle "playchess.com"]
[Source "ChessBase"]
[SourceQuality "1"]

{[%evp 19,128,0,16,-21,28,17,27,12,56,14,39,26,35,25,31,28,36,0,21,4,53,42,43,26,27,40,43,20,35,25,43,0,10,-14,-21,-14,0,-34,45,0,0,0,63,56,38,0,0,0,0,0,0,0,45,-54,0,0,120,133,539,-8,-10,-10,0,0,0,-37,-37,-37,-37,-37,-37,-37,-37,-37,-37,-37,-37,-37,-37,-37,-37,-37,-37,-37,-37,-271,-37,-37,-37,-37,-37,-37,-37,-37,-37,-37,-37,-37,0,-37,-37,-37,0,-37,0,-37,-37,-37,-37,-37,-37]} 1. e4 d6 2. d4 g6 3. Nc3 Bg7 4. f4 a6 5. Nf3 b5 6. e5 {B06: Modern Defence} (6. Bd3 Bb7 7. Qe2 c5 8. dxc5 dxc5 9. e5 Nh6 10. Be4 Qc8 11. Bxb7 Qxb7 12. Qe4 Nc6 13. Be3 c4 14. Nd4 Rc8 15. Nd5 Nd8 16. O-O-O e6 17. Nc3 Nf5 18. Nxf5 gxf5 19. Rxd8+ {1-0 (19) Yu,Y (2729)-Maghsoodloo,P (2584) Doha 2016}) 6... Nd7 7. Ne4 Bb7 8. Bd3 Nh6 9. O-O O-O 10. c3 c5 {LiveBook: 3 Games} 11. dxc5 $146 ({Find the theoretical novelty and annotate with similar games:} 11. Qe2 Qb6 12. Be3 c4 13. Bc2 Ng4 14. Rae1 Nxe3 15. Qxe3 {1-0 (84) Tukhaev,A (2564)-Polivanov,A (2426) Minsk 2015}) 11... Nxc5 12. Nxc5 dxc5 13. Be3 Qd5 14. h3 Rad8 15. Bc2 Qc6 16. Qe2 Nf5 17. Bxf5 gxf5 18. Rad1 Rc8 19. Rd2 (19. Nh4 $5 {[%cal Rh4f5]}) 19... Qe6 20. a3 Bd5 {With the idea ...Bc4.} 21. Qf2 Qc6 22. Rfd1 Bb3 23. Re1 a5 24. Nh4 e6 25. Nf3 (25. Rd6 $5 {[%cal Rd6c6]} Qc7 26. Re2 $11) 25... Bd5 26. b4 axb4 27. axb4 {[%cal Re3c5]} cxb4 (27... Bxf3 $5 28. Rd6 Qa8 29. Qxf3 Qxf3 30. gxf3 cxb4 31. cxb4 Rc4 $11) 28. cxb4 Rfd8 (28... Bxf3 $15 29. gxf3 Kh8) 29. Bb6 Rd7 30. Bc5 Ra8 (30... Bxf3 $11 31. Rxd7 Qxd7 32. Qxf3 Bf8) 31. Nd4 $14 Qb7 32. Rdd1 Ra2 33. Re2 $36 {[%mdl 2048] White has good play.} Rxe2 34. Qxe2 Bc4 35. Qe1 f6 36. Ra1 ({White should play} 36. exf6 $14 Bxf6 37. Nf3) 36... Qd5 (36... fxe5 $15 37. fxe5 Qe4 38. Qxe4 fxe4) 37. Nf3 h6 (37... fxe5 $11 {keeps the balance.} 38. fxe5 Kh8) 38. Qg3 $16 {[#] aiming for exf6.} Kh7 $2 {[%mdl 8192]} (38... fxe5 $16 39. Nxe5 Kh8) 39. Ra7 $2 (39. Nh4 $18 Kh8 40. Qg6 fxe5 41. Qe8+ Kh7 42. Ra8 Qxa8 43. Qxa8) 39... Rxa7 $11 40. Bxa7 Be2 41. exf6 Bxf6 42. Bc5 (42. Ne5 {feels hotter.} Bxe5 43. fxe5 Qe4 44. Bc5 f4 45. Qh4) 42... Qd1+ 43. Kh2 Bxf3 44. Qxf3 Qxf3 45. gxf3 $15 {[%mdl 4096] Endgame KB-KB} Kg6 46. Kg2 Kf7 47. Kf2 Ke8 48. Ke3 Kd7 49. Kd3 Kc6 50. Bf8 h5 51. Bc5 Kd5 52. Bf8 $2 {[#]} ({White should try} 52. Be3 $15) 52... Bd8 $2 (52... Bd4 $1 $19 {[%cal Rd4a7]} 53. Bd6 Bf2) 53. Bc5 Bc7 54. Be3 $1 Bd6 55. Bd2 Be7 56. Be1 Bf8 57. Bd2 Bd6 58. Kc3 $1 Bf8 59. Kd3 $1 Bh6 60. Be3 Bf8 61. Bd2 $1 Be7 62. Be1 Bf6 {Black is slightly better.} 63. Bd2 $1 Bh4 64. Bc3 Bf2 {Precision: White = 43%, Black = 41%.} 1/2-1/2

[Event "Brugse Meesters 2017"]
[Site "Brugge"]
[Date "2017.08.17"]
[Round "9"]
[White "Bleys, Michiel"]
[Black "Motwani, Paul"]
[Result "1-0"]
[WhiteElo "1947"]
[BlackElo "2470"]
[Annotator "TA"]
[PlyCount "74"]
[EventDate "2017.??.??"]
[EventCountry "BEL"]
[SourceTitle "playchess.com"]
[Source "ChessBase"]
[SourceQuality "1"]

{[%evp 20,74,39,34,81,64,96,51,95,91,117,71,137,133,147,140,93,62,218,213,229,252,227,208,242,210,227,259,254,177,182,181,186,197,183,183,175,177,222,229,244,226,269,257,256,285,289,266,271,223,226,108,256,30,30,8,341]} 1. d4 e6 2. c4 Nf6 3. Nc3 Bb4 4. Qc2 O-O 5. e4 d5 6. e5 Ne4 7. Bd3 c5 8. Nf3 {E32: Nimzo-Indian: Classical (4 Qc2): 4...0-0} cxd4 9. Nxd4 dxc4 (9... Nd7 10. Bf4 Qh4 11. g3 Qh5 12. O-O g5 13. cxd5 gxf4 14. dxe6 Bxc3 15. bxc3 Nxe5 16. Bxe4 Bxe6 {½-½ (36) Nisipeanu,L (2683)-Kramnik,V (2812) Dortmund 2017}) 10. Bxe4 Qxd4 11. Bf4 {LiveBook: 5 Games} h6 12. Rd1 {[%mdl 1024] White has strong compensation.} Qc5 $146 ({Predecessor:} 12... Bxc3+ 13. Ke2 Qc5 14. Qxc3 Nc6 15. Qg3 Kh8 16. Bxh6 Qxe5 {0-1 (45) Sarkar,J (2378)-Romanenko,V (2499) Philadelphia 2010}) 13. O-O Nd7 14. Rfe1 Re8 15. Qe2 Qe7 (15... Qf8 $142) 16. Bb1 $36 {[%mdl 2048] White is really pushing.} Nf8 17. Qh5 Bxc3 18. bxc3 {Strongly threatening Re3.} Ng6 $2 {[#]} (18... Rd8 $1 $14) 19. Bxh6 $1 $18 {[%mdl 512]} Qh4 (19... gxh6 20. Bxg6) 20. Bxg6 Qxh5 21. Bxh5 gxh6 22. Re4 {Hoping for Rg4+.} b5 23. Rg4+ Kh8 24. Rf4 Rf8 25. Rxf7 Rxf7 26. Bxf7 {[%mdl 4096] Endgame Black must now prevent Rd8+. KRB-KRB} Kg7 27. Bh5 a5 28. a3 Ra7 29. f4 Bd7 30. Bf3 Kf7 31. Kf2 Ke7 32. g4 b4 33. cxb4 ({But not} 33. axb4 $6 axb4 34. cxb4 Ra4 $18) 33... axb4 34. axb4 Ra2+ {[#]} 35. Kg3 (35. Be2 $1 $18 {is more deadly.}) 35... Rb2 (35... Ra3 $16 {was worth a try.}) 36. g5 $2 (36. Rc1 $18) 36... hxg5 $11 37. fxg5 {Threatens to win with g6.} Be8 $2 {[%mdl 8192] Precision: White = 75%, Black = 30%.} (37... c3 $1 $11) 1-0